000 002750000a22000970004500
100 1 _aHoop, Raymond de
245 1 0 _aThe testament of David : A response to W.T. Koopmans
300 _aVol. 45, Num. 2 (Abril, 1995), Páginas 270-278
773 0 _tVetus Testamentum
942 _cANA
999 _c57995
_d57995